Score 0/20 Timer 04:00
0 Plays Today
Mixed Word Answer % Correct
WABSSwab
97.4%
OTUBAAbout
84.3%
BRABITRabbit
77.1%
BATTLETablet
64.8%
SCUBAAAbacus
64.3%
ACRABSScarab
55.4%
LAWABLYWallaby
54.1%
BULLYALLullaby
53.2%
FABBLYFlabby
49%
ATABHITHabitat
46.2%
Mixed Word Answer % Correct
BLABRECSScrabble
31.3%
BASHBUBYBushbaby
29.2%
SHABBATSabbath
25.3%
NABNOADAbandon
24.7%
OLDBAITTabloid
19%
LEAVEMOBMoveable
18.8%
NEBULAUnable
15.6%
ADVANBOGVagabond
11.7%
BADRULEDurable
8.2%
ICEDBAITDiabetic
2.6%
Remove Ads.
Support Sporcle.
Get the best of Sporcle when you Go Orange. This ad-free experience offers more features, more stats, and more fun while also helping to support Sporcle. Thank you for becoming a member.

You're not logged in!

Compare scores with friends on all Sporcle quizzes.
OR
Log In

Show Comments

Extras

Top Quizzes Today


Score Distribution

Your Account Isn't Verified!

In order to create a playlist on Sporcle, you need to verify the email address you used during registration. Go to your Sporcle Settings to finish the process.

Report this User

Report this user for behavior that violates our Community Guidelines.

Details: